00746nam a2200241 a 4500001001300000003000900013005001700022008004100039020002300080082001600103100001800119245006800137260004400205300000900249500003500258505001000293650003400303700001800337902000800355942000700363952011700370999001700487nice12345678IN_TiNIC20260116014045.0070307s2007 lona grp 000 0 eng  a1741149142 c39500a320.15bCHO aChomsky, Noam aFailed Statesb The Abuse of Power and the Assault on Democracy aLondonbAllen Lane, Penguin Booksc2007 a319p aincludes index and biblioraphy2 aIndex aUnited State America-Politics1 aChomsky, Noam bSRS cBK 001040708StackRoom-aHMIbHMId2007-03-07g395.00l0o320.15 CHOp021865r2007-03-07v395.00w2007-03-07yBK c13686d13686